| 000 | 01468cam a2200265 i 4500 | ||
|---|---|---|---|
| 001 | 1644 | ||
| 005 | 20250206110407.0 | ||
| 020 | _a9780448479859 | ||
| 040 |
_aNJQ/DLC _beng _cNJQ _erda _dDLC |
||
| 050 | 0 | 0 | _aQB36.G2 |
| 082 | 0 | 4 | _a520.92 |
| 100 | 1 |
_aDemuth, Patricia, _eauthor. |
|
| 245 | 1 | 0 |
_aWho was Galileo? _cby Patricia Brennan Demuth ; illustrated by John O'Brien. |
| 300 |
_a105 pages: _billustrations, maps ; _c20 cm. |
||
| 490 | 1 | _aWho was...? | |
| 505 | 0 | _aR | |
| 520 |
_a"Like Michelangelo, Galileo is another Renaissance great known just by his first name--a name that is synonymous with scientific achievement. Born in Pisa, Italy, in the sixteenth century, Galileo contributed to the era's great rebirth of knowledge. He invented a telescope to observe the heavens. From there, not even the sky was the limit! He turned long-held notions about the universe topsy turvy with his support of a sun-centric solar system. Patricia Brennan Demuth offers a sympathetic portrait of a brilliant man who lived in a time when speaking scientific truth to those in power was still a dangerous proposition"-- _cProvided by publisher. |
||
| 521 | 1 |
_a760
_bLexile |
|
| 521 | 1 |
_aR
_bRaz-Plus |
|
| 650 | 0 |
_aAstronomers _zItaly _vBiography _vJuvenile literature. |
|
| 650 | 0 |
_aPhysicists _zItaly _vBiography _vJuvenile literature. |
|
| 700 | 1 |
_aO'Brien, John _d1953- _eillustrator |
|
| 906 |
_a7 _bcbc _corignew _d1 _eecip _f20 _gy-gencatlg |
||
| 942 |
_2ddc _cBK _n0 |
||
| 999 |
_c1644 _d1644 |
||